Football teams that won Superliga/Liga 1 Romania - Statistics

General Stats
  • This quiz has been taken 184 times
  • The average score is 8 of 20
Answers on the Grid
Answers color-coded by a green-red scale on the quiz's grid according to % correct below.
Ripensia
Dinamo
Steaua
Fcsb
Rapid
National
Otelul
Resita
Vaslui
Petrolul
FC Brasov
Callatis Mangalia
Poli Iasi
Olympia
Colentina
Unirea Urziceni
Unirea Tricolor
Poli Timisoara
Farul Constanta
Venus Bucuresti
Sepsi Sf Gheorghe
Astra Giurgiu
Romano-Americana
Hermannstadt
Csikszereda
U Craiova
UTA Arad
U Cluj
CA Oradea
Coltea Brasov
 
Answer Stats
Answer % Correct
Fcsb
91%
Steaua
86%
Rapid
85%
Dinamo
83%
Otelul
60%
Petrolul
51%
Farul Constanta
43%
U Craiova
42%
Unirea Urziceni
42%
Astra Giurgiu
40%
Ripensia
37%
UTA Arad
35%
Venus Bucuresti
22%
Olympia
18%
Resita
17%
CA Oradea
15%
Unirea Tricolor
15%
Colentina
14%
Coltea Brasov
12%
Romano-Americana
9%
No matching quizzes found
Score Distribution
Percent of People with Each Score
Percentile by Number Answered
Your Score History
You have not taken this quiz